00339nam a22001097a 4500008004100000020001500041082001600056100003900072245004800111260006100159300000900220230703b xxu||||| |||| 00| 0 eng d a0890590338 a351.22bJUL cJoint Centre for Political Studies ablack Elected Officials bA National Roster aWashington D.CbJoint Centre for Political Studiesc1984 a427p